I _____2 - Statistics

General Stats
  • This quiz has been taken 42 times
  • The average score is 15 of 20
Answer Stats
Hint Answer % Correct
E.T Phone Home E.T Extra Terrestrial
97%
Houston, we have a problem Apollo 13
93%
You shall not pass! Fellowship of the Ring
93%
I'm Spartacus Spartacus
93%
You're gonna need a bigger boat Jaws
87%
I ate his liver with some fava beans and a nice chianti The Silence of the Lambs
87%
Nobody puts baby in a corner Dirty Dancing
83%
I hate snakes! Raiders of the Lost Ark
83%
My name is Inigo Montoya you killed my father prepare to die The Princess Bride
83%
Bond, James Bond Dr. No
80%
I'll be back The Terminator
80%
Do I feel lucky? Dirty Harry
73%
As far back as I can remember, I always wanted to be a gangster Goodfellas
73%
I am serious, and don't call me Shirley Airplane!
70%
Frankly my dear I don't five a damn Gone with the Wind
67%
You're killing me Smalls The Sandlot
67%
I'm ready for my closeup Sunset Boulevard
63%
Mrs. Robinson you're trying to seduce me The Graduate
53%
I could have been a contender On the Waterfront
43%
I drink your milkshake! There will be Blood
43%
No matching quizzes found
Score Distribution
Percent of People with Each Score
Percentile by Number Answered
Your Score History
You have not taken this quiz